000 00528nam a22001937a 4500
999 _c7677
_d7677
003 OSt
005 20220208152536.0
008 220208b ||||| |||| 00| 0 eng d
020 _a9789780870119
040 _cDDC
082 _a320.5 BAS 2010
100 _aFrederic, Bastiat
_915693
245 _aSelected Essays on Political Economy.
260 _aLagos State, Nigeria:
_bAfrican Liberty;
_c2010,
300 _a347p.;
_c22cm.
504 _aIncludes References.
650 _aPolitical Ideologies.
_915694
942 _2ddc
_cBOOK